000 01102nam a2200217Ia 4500
001 24621
003 AR-BaAGN
005 20231103123707.0
007 ta
008 211213s1853 ag |||||||||||||| ||spa d
040 _aAR-BaAGN
_bspa
_eaacr
245 0 0 _aDocumentos oficiales relativos a la celebración del tratado de paz de 9 de marzo de 1853 entre el gobierno de la provincia de Buenos Aires y el director provisorio de las trece provincias reunidas en congreso en Santa Fe
260 _aBuenos Aires :
_bImprenta del Estado,
_c1853.
300 _a22 páginas
336 _2rdacontent
_btxt
337 _2rdamedia
_bn
338 _2rdacarrier
_bnc
501 _aNúmero 1 de 7 títulos encuadernados juntos. Encuadernado junto a: Las reglas de los géneros y pretéritos de Nebrija -- Defensa de don Pedro León Martínez -- Tesis sobre la cosa juzgada é influencia de lo criminal en lo civil presentada para obtener el grado de Doctor en Jurisprudencia -- Disertación filosófica sobre la esclavatura -- La guirnalda argentina -- La muerte de César.
942 _cLIBRO
_n0
999 _c24621
_d24621